000
00306nam a2200109Ia 4500
005
20251222144741.0
008
251222s9999||||xx |||||||||||||| ||spa||
082
_a
289.5/C72
245
0
_a
Nueva evagelización, promoción humana, cultura cristiana:
264
_b
Conferencia Episcopal Peruana
942
_c
LIB
999
_c
18963
_d
18963